Thực hành viết nhạc với Finale 98 T.2 /

Guardado en:
Detalles Bibliográficos
Autor principal: Nguyễn Hạnh.
Otros Autores: Nguyễn Đình Phương.
Formato: Libro
Lenguaje:Vietnamese
Publicado: Tp.HCM : Thanh niên, 1999.
Materias:
Etiquetas: Agregar Etiqueta
Sin Etiquetas, Sea el primero en etiquetar este registro!
Thư viện lưu trữ: Mạng thư viện Đại học Đà Nẵng
LEADER 00865cam a2200337 i 4500
001 000042779
003 654
005 20041028142152.0
008 010217b1999 vm 000 vie
020 |c 35000 
040 |a IRC  |c IRC  |d IRC 
041 0 |a vie 
082 1 4 |a 005.13  |b NG-H 
100 1 |a Nguyễn Hạnh. 
245 1 0 |a Thực hành viết nhạc với Finale 98  |n T.2 /  |c Nguyễn Hạnh, Nguyễn Đình Phương. 
260 |a Tp.HCM :  |b Thanh niên,  |c 1999. 
300 |a 288 tr. ;  |c 24 cm. 
630 0 4 |a Tin học. 
630 0 4 |a Finale 98. 
650 0 4 |a Finale (Music) 
700 1 |a Nguyễn Đình Phương. 
OWN |a DUT 
999 |a From the UDN01 
TYP |a Monograph 
TYP |a Printed language 
980 |a Mạng thư viện Đại học Đà Nẵng